Pentathlon 2023 : De quel pays est originaire le champion du monde ? - Statistiques

Statistiques générales
  • Ce quiz a été pris 2 fois
  • Le résultat moyen est 4 sur 12
Statistiques - réponses
Hint Réponse % Correct
Pentathlon Par équipes Championnats du monde H Egypte
100%
Pentathlon Individuel Championnats du monde H Royaume-Uni
100%
Pentathlon Relais Championnats du monde H Egypte
50%
Pentathlon Individuel Championnats du monde F Italie
50%
Pentathlon Par équipes Championnats du monde F Italie
50%
Pentathlon Relais Championnats du monde F Egypte
0%
Pentathlon Relais Championnats du monde Mixte Egypte
0%
Laser run Individuel Championnats du monde H Espagne
0%
Laser run Par équipes Championnats du monde H Lituanie
0%
Laser run Individuel Championnats du monde F Lituanie
0%
Laser run Par équipes Championnats du monde F Lituanie
0%
Laser run Relais Championnats du monde Mixte Suisse
0%
Aucun quiz correspondant
Distribution des résultats
% des personnes avec chaque résultat
Percentile par nombre de réponses
Votre historique - résultats
Vous n’avez pas pris ce quiz